[Event "Datteln"]
[Site "Datteln"]
[Date "2002.01.30"]
[Round "4.1"]
[White "Haba, Petr"]
[Black "Stojanov, Svetlin"]
[Result "1-0"]
[WhiteElo "2496"]
[BlackElo "2357"]
[PlyCount "67"]
[EventDate "2002.02.??"]
[EventType "tourn"]
[EventRounds "10"]
[EventCountry "GER"]
[EventCategory "7"]
[SourceTitle "EXT 2003"]
[Source "ChessBase"]
[SourceDate "2002.11.25"]
[SourceVersion "1"]
[SourceVersionDate "2002.11.25"]
[SourceQuality "1"]

1. e4 e6 2. d4 d5 3. e5 c5 4. c3 Nc6 5. Nf3 Qb6 6. a3 Bd7 7. b4 cxd4 8. cxd4 Rc8 9. Bb2 Na5 10. Nbd2 Nc4 11. Nxc4 dxc4 12. Rc1 a5 13. Bxc4 Bxb4+ 14. axb4 Qxb4+ 15. Nd2 Qxb2 16. Ne4 Qb4+ 17. Ke2 Ke7 18. Nd6 Rxc4 19. Rxc4 Bb5 20. Qd3 Bxc4 21. Nxc4 b5 22. Nd6 Qb2+ 23. Kf3 b4 24. Rb1 Qa2 25. Rc1 Qa3 26. Rc7+ Kd8 27. Rc8+ Kd7 28. Ke2 Qxd3+ 29. Kxd3 a4 30. Ra8 a3 31. Kc2 Kc6 32. Kb3 h5 33. Nxf7 Nh6 34. Nxh8 1-0

[Event "Datteln"]
[Site "Datteln"]
[Date "2002.01.29"]
[Round "3.1"]
[White "Stojanov, Svetlin"]
[Black "Matthaei, Alexander"]
[Result "1-0"]
[WhiteElo "2357"]
[BlackElo "2347"]
[PlyCount "71"]
[EventDate "2002.02.??"]
[EventType "tourn"]
[EventRounds "10"]
[EventCountry "GER"]
[EventCategory "7"]
[SourceTitle "EXT 2003"]
[Source "ChessBase"]
[SourceDate "2002.11.25"]
[SourceVersion "1"]
[SourceVersionDate "2002.11.25"]
[SourceQuality "1"]

1. Nf3 c5 2. c4 e6 3. Nc3 a6 4. d4 cxd4 5. Nxd4 Nf6 6. g3 Be7 7. Bg2 0-0 8. 0-0 Qc7 9. Bf4 d6 10. Nb3 Nbd7 11. Rc1 Rb8 12. c5 e5 13. cxd6 Qxd6 14. Qxd6 Bxd6 15. Bg5 h6 16. Rfd1 Be7 17. Be3 Re8 18. Na5 Nf8 19. a3 Rd8 20. Bb6 Rxd1+ 21. Rxd1 Ne6 22. Nc4 Nd7 23. Ba7 Ra8 24. Bxb7 Bxb7 25. Rxd7 Rxa7 26. Rxe7 Kf8 27. Rd7 Nc5 28. Rd6 Ke7 29. f3 Nd7 30. Kf2 Ba8 31. Nd5+ Bxd5 32. Rxd5 f6 33. Ra5 Rc7 34. Ne3 Rb7 35. b4 Nb8 36. Rc5 1-0